Etica del trabajo

Uloženo v:
Podrobná bibliografie
Hlavní autor: Campo Mullins, Joyce del (Autor)
Médium: Kniha
Jazyk:španělština
Vydáno: Santiago Fundación de Ciencias Humanas 1996
Vydání:1a. ed
Edice:Colección Manuales de Docencia
Témata:
Tagy: Přidat tag
Žádné tagy, Buďte první, kdo vytvoří štítek k tomuto záznamu!

MARC

LEADER 00000cam a2200000 a 4500
001 UCB0097
003 CL-VaPUC
005 20210630001435.0
008 191206e19960000cl spa d
020 |a 9567098115 
082 0 4 |a 174  |b CAM  |2 21 
100 1 |a Campo Mullins, Joyce del  |e author  |9 605407 
245 1 0 |a Etica del trabajo 
250 |a 1a. ed 
260 |a Santiago  |b Fundación de Ciencias Humanas  |c 1996 
300 |a 100 p 
490 0 |a Colección Manuales de Docencia 
583 |a last modification  |c 20191206 10:52:00  |k Rodrigo Vera 
650 0 7 |a ETICA LABORAL  |2 CL-VaPUC  |9 351660 
650 0 0 |a Trabajo y empleo  |9 315054 
942 |c BK 
945 |a dcastane  |d 20191206 10:52:00 
999 |c 376319  |d 376317 
952 |0 0  |1 0  |3 erb  |4 0  |6 174_000000000000000_CAM_1996  |7 0  |8 A  |9 495696  |a BIBTEO  |b BIBTEO  |i 5607922  |o 174 CAM 1996  |p 5607922  |r 2025-01-17  |w 2020-01-06  |y BK  |z Catalogado en:20191206  |k ICR